000 00353nam a22001577a 4500
005 20160630094248.0
008 160630b xxu||||| |||| 00| 0 eng d
020 _a0-19-567209-7
041 _aeng
082 _b10910
245 _aHuman Development report 2004
260 _bOxford
_c2004
300 _a276
650 _aManagement
_9241
942 _cBK
999 _c4816
_d4814